| Tag |
First Indicator |
Second Indicator |
Subfields |
| LEADER |
00000cam a2200000 4500 |
| 001 |
in00000214862 |
| 005 |
20151009060615.0 |
| 008 |
760503s1946 iluak 00010 eng |
| 010 |
|
|
|a 47016327
|
| 035 |
|
|
|a (OCoLC)02153290
|
| 035 |
|
|
|9 AAX4043AM
|
| 040 |
|
|
|a CIN
|c CIN
|d TXA
|d UtOrBLW
|
| 049 |
|
|
|a TXAM
|c [263090]
|
| 050 |
|
0 |
|a HF5635
|b .B855 1946
|
| 082 |
0 |
|
|a 657
|
| 100 |
1 |
|
|a Brook, George C.
|
| 245 |
1 |
0 |
|a Accounting principles and practice :
|b a college text for first-year accounting students /
|c by George C. Brook.
|
| 264 |
|
1 |
|a Chicago :
|b R.D. Irwin,
|c 1946.
|
| 300 |
|
|
|a xii, 860 pages including forms., diagrams ;
|c 24 cm.
|
| 336 |
|
|
|a text
|b txt
|2 rdacontent
|
| 337 |
|
|
|a unmediated
|b n
|2 rdamedia
|
| 338 |
|
|
|a volume
|b nc
|2 rdacarrier
|
| 500 |
|
|
|a "First printing, September 1946."
|
| 650 |
|
0 |
|a Accounting.
|
| 999 |
|
|
|a MARS
|
| 999 |
f |
f |
|s 5a18b4e8-e9c6-3c5a-8cf9-32f19c6dde2b
|i 6f6baa7a-fb30-394d-af5e-abe0d241e6e2
|t 0
|
| 952 |
f |
f |
|p ric
|a Texas A&M University
|b Rellis Campus
|c Joint Library Facility
|d Remote Storage
|t 0
|e HF5635 .B855 1946
|h Library of Congress classification
|i unmediated -- volume
|m A14802832549
|
| 998 |
f |
f |
|a HF5635 .B855 1946
|t 0
|l Remote Storage
|